LEADER 01133naa a2200229 u 4500 001 000000095380 003 CaOOAMICUS 005 20070226130142.0 008 040628s1976 be u000 u eng u 020 $a9061860431 035 $a11002284 040 $aIAR$bita 100 1 $aVerbeke, Gérard,$d1910-$0(OLS)http://pul/name/1388 245 10$aPhilosophy and heresy :$bSome conflicts between reason and faith /$cGerard Verbeke. 260 $aLeuven :$bLeuven University Press ;$aThe Hague :$bNijhoff,$c1976. 300 $aS. 172-197, ;$c26 cm 773 0 $aThe concept of heresy in the middle ages (11th - 13th c.). 773 0 $tThe Concept of heresy in the Middle Ages (11th-13th c.) : proceedings of the international conference [held by the Institute of Medieval Studies] Louvain, May 13-16, 1973$w()56465 996 $6020$a9061860431$9(OLS)http://pul/number/71203 996 $6245$aPhilosophy and heresy :$bSome conflicts between reason and faith$9(OLS)http://pul/title/122254 996 $6260$aLeuven :$bLeuven University Press$9(OLS)http://pul/publisher/48301 996 $6260$aThe Hague :$bNijhoff$9(OLS)http://pul/publisher/51810 LEADER 01284nam a2200265 a 4500 001 000000159118 003 CaOOAMICUS 005 20170224144332.0 008 170224s2016 it rm 000 0 por r 032 $aLibriCat 040 $aPUL$bita 100 1 $aFerreira Barbosa Júnior, Possidônio.$0(OLS)http://pul/name/101684 245 10$aJustiça política e dignidade humana:$buma abordagem aristotélica no atual contexto latino americano /$cPossidônio Ferreira Barbosa Júnior. 260 $aRomae :$b[s.n.],$c2016. 300 $a242 p.;$c24 cm 502 $aEstratto da Tesi di Dottorato in Filosofia--Pontificia Universitas Lateranensis, 2016. 504 $aBibliografia: p.[223]-240. 650 4$aFilosofia politica$xCritica e interpretazione.$0(OLS)http://pul/subject/25216 710 2 $aPontificia Università Lateranense$bFacoltà di filosofia$kTesi.$0(OLS)http://pul/name/81773 850 $aPUL 852 $aPUL$W1$xDP1 Tesi Pon Univ. Lateranense$y41$m2016 A 16$j182413$qTesi$B185621$CPULBib$Z2$F185621 $82 941 1 $a16 996 $6245$aJustiça política e dignidade humana:$buma abordagem aristotélica no atual contexto latino americano$9(OLS)http://pul/title/198728 996 $6260$aRomae :$b[s.n.]$9(OLS)http://pul/publisher/48223